| Tag |
First Indicator |
Second Indicator |
Subfields |
| LEADER |
00000cam a2200000 4500 |
| 001 |
in00000051938 |
| 005 |
20160108111319.0 |
| 008 |
731210s1949 eng u |
| 010 |
|
|
|a 49011773
|
| 035 |
|
|
|a (OCoLC)00757296
|
| 035 |
|
|
|9 AAF4429AM
|
| 040 |
|
|
|c MAL
|d TXA
|d UtOrBLW
|
| 049 |
|
|
|a TXAM
|c [400996]
|
| 050 |
|
0 |
|a BS1140
|b .F7
|
| 082 |
0 |
|
|a 221.6
|
| 092 |
|
|
|a 221.6
|b F853g
|
| 100 |
1 |
|
|a Freedman, David Noel,
|d 1922-2008.
|
| 245 |
1 |
0 |
|a God has spoken ;
|b an introduction to the Old Testament for young people /
|c by David Noel Freedman and James D. Smart.
|
| 264 |
|
1 |
|a Philadelphia :
|b Westminster Press,
|c [1949]
|
| 300 |
|
|
|a 268 pages :
|b illustrations ;
|c 22 cm.
|
| 336 |
|
|
|a text
|b txt
|2 rdacontent
|
| 337 |
|
|
|a unmediated
|b n
|2 rdamedia
|
| 338 |
|
|
|a volume
|b nc
|2 rdacarrier
|
| 630 |
0 |
0 |
|a Bible.
|p Old Testament
|x Introductions.
|
| 700 |
1 |
|
|a Smart, James D.,
|d 1906-
|
| 999 |
|
|
|a MARS
|
| 999 |
f |
f |
|s 18c430e4-2ba1-3b58-9f08-46ffe7d4f3b4
|i 1a0e487a-54ee-353c-8144-4bc292a08559
|t 0
|
| 952 |
f |
f |
|p ric
|a Texas A&M University
|b Rellis Campus
|c Joint Library Facility
|d Remote Storage
|t 0
|e BS1140 .F7
|h Library of Congress classification
|i unmediated -- volume
|m A14800602825
|
| 998 |
f |
f |
|a BS1140 .F7
|t 0
|l Remote Storage
|